[Event "San Francisco TNM Summer op"]
[Site "San Francisco"]
[Date "2016.07.05"]
[Round "7"]
[White "Starr, Albert Martin"]
[Black "Batzel, Grant"]
[Result "1-0"]
[WhiteElo "1517"]
[BlackElo "1261"]
[PlyCount "91"]
[EventDate "2016.05.24"]
[EventType "swiss"]
[EventRounds "8"]
[EventCountry "USA"]
[SourceTitle "EXT 2018"]
[Source "ChessBase"]
[SourceDate "2017.10.13"]
[SourceVersion "1"]
[SourceVersionDate "2017.10.13"]
[SourceQuality "1"]

1. b4 Nf6 2. Bb2 e6 3. b5 d5 4. e3 Be7 5. Be2 b6 6. Nf3 Nbd7 7. 0-0 Bb7 8. d3 0-0 9. Nbd2 Rc8 10. c4 c6 11. a4 Qc7 12. g3 cxb5 13. cxb5 Qc2 14. Bd4 Qxd1 15. Rfxd1 Rc7 16. a5 Rfc8 17. a6 Ba8 18. Bf1 h6 19. Bg2 Bc5 20. Nb3 Bxd4 21. Nfxd4 Nc5 22. Rac1 Nxb3 23. Nxb3 Rxc1 24. Rxc1 Rxc1+ 25. Nxc1 Ne8 26. d4 Kf8 27. Na2 Nd6 28. Bf1 Ke7 29. Nb4 f6 30. Kg2 e5 31. f3 exd4 32. exd4 Nf5 33. Nc2 Nd6 34. Kf2 Ke6 35. Ke1 Kd7 36. Ne3 Ke6 37. Kf2 Ke7 38. Ke1 Ke6 39. Kd2 Ke7 40. Kc3 Ke6 41. Kb4 Nf5 42. Bh3 g6 43. Nxf5 gxf5 44. f4 Ke7 45. Bxf5 Kd6 46. g4 1-0